NCAA Basketball: Most Points in a Game by School - Statistics

General Stats
  • This quiz has been taken 22 times
  • The average score is 49 of 415
Answer Stats
School Player Points Year % Correct
UC Santa Barbara Alan Williams 39 2013
75%
Tennessee Grant Williams 43 2019
75%
Robert Morris Josh Williams 49 2018
75%
New Mexico Kendall Williams 46 2013
75%
Norfolk State Pendarvis Williams 38 2013
75%
Montana Anthony Johnson 42 2010
69%
Grand Canyon Dewayne Russell 42 2016
69%
Rhode Island Fatts Russell 41 2019
69%
Winthrop Keon Johnson 40 2017
69%
San Francisco Ollie Johnson 37 1965
69%
UC Santa Barbara Orlando Johnson 39 2011
69%
Florida Gulf Coast Zach Johnson 37 2018
69%
Louisiana-Monroe Daishon Smith 42 2019
63%
Navy David Robinson 50 1987
63%
Purdue Glenn Robinson 44 1994
63%
Boston College Jerome Robinson 46 2018
63%
Monmouth Justin Robinson 40 2017
63%
Florida A&M Leslie Robinson 34 2006
63%
North Florida Parker Smith 46 2012
63%
Louisville Russ Smith 42 2014
63%
La Salle Steven Smith 41 2005
63%
East Tennessee State Tim Smith 41 2005
63%
Missouri Willie Smith 43 1976
63%
BYU Jimmer Fredette 52 2011
56%
IUPUI Alex Young 43 2011
50%
UC Irvine Alex Young 36 2016
50%
Loyola (MD) Andre Walker 43 2018
50%
Quinnipiac Cameron Young 55 2019
50%
Kent State Jaylin Walker 36 (x2) 2019/2018
50%
Central Arkansas Jordan Howard 43 2018
50%
UConn Kemba Walker 42 2010
50%
Colorado State Marcus Walker 43 2007
50%
Marquette Markus Howard 53 2019
50%
Oklahoma Trae Young 48 2018
50%
Duquesne Aaron Jackson 46 2009
44%
Alcorn State Almaad Jackson 33 2005
44%
Notre Dame Austin Carr 61 1970
44%
UCLA Bill Walton 44 1973
44%
Northern Arizona Cameron Jones 37 2011
44%
Long Island University Charles Jones 37 1997
44%
South Florida Dominique Jones 46 2010
44%
Creighton Doug McDermott 45 2014
44%
Charleston Southern Dwayne Jackson 43 2007
44%
UTSA Jhivvan Jackson 46 2019
44%
Troy Justin Jonus 44 2007
44%
Southern Miss Kourtlin Jackson 40 2016
44%
Iowa Luka Garza 44 2019
44%
George Washington Maceo Jack 35 2020
44%
Toledo Marreon Jackson 37 2020
44%
Lamar Mike James 52 2011
44%
Jackson State Trey Jackson 49 2006
44%
Green Bay Alec Brown 40 2013
38%
LSU Ben Simmons 43 2015
38%
Cal State Fullerton Bobby Brown 47 2006
38%
Maryland-Eastern Shore Devin Martin 37 2015
38%
Wisconsin Frank Kaminsky 43 2013
38%
Citadel Hayden Brown 37 2021
38%
Memphis Jeremiah Martin 43 2019
38%
Eastern Kentucky Jomaru Brown 41 2019
38%
Butler Kelan Martin 37 2018
38%
Cincinnati Oscar Robertson 56 1958
38%
Illinois State Tyler Brown 36 2012
38%
Kennesaw State Yonel Brown 36 2015
38%
Georgia Anthony Edwards 37 2019
31%
Florida Joakim Noah 37 2006
31%
Baylor LaceDarius Dunn 43 2011
31%
Tennessee State Patrick Miller 38 2014
31%
North Carolina State T.J. Warren 42 2014
31%
Vermont Anthony Lamb 42 2018
25%
Illinois Brandon Paul 43 2012
25%
Alabama Collin Sexton 40 2017
25%
James Madison Matt Lewis 40 2019
25%
West Virginia Rod Thorn 44 1963
25%
St. John's Shamorie Ponds 44 2018
25%
Texas Southern Aaric Murray 48 2013
19%
Iona A.J. English 46 2015
19%
Detroit Mercy Antoine Wright 48 2019
19%
Bethune-Cookman Antonio Webb 35 2015
19%
Colorado Askia Booker 43 2015
19%
USC Bennie Boatwright 37 2019
19%
Princeton Bill Bradley 58 1965
19%
Omaha C.J. Carter 45 2015
19%
South Alabama Demetric Bennett 39 2007
19%
Austin Peay Derek Wright 43 2008
19%
Farleigh Dickinson Elijah Allen 43 1998
19%
Jacksonville State Greg Tucker 36 2016
19%
UCF Jermaine Taylor 45 2009
19%
Utah Jerry Chambers 40 1966
19%
Kentucky Jodie Meeks 54 2009
19%
Eastern Illinois Josiah Wallace 32 2020
19%
California Leon Powe 41 2006
19%
Dartmouth Miles Wright 39 2015
19%
South Dakota State Nate Wolters 53 2013
19%
Oregon Payton Pritchard 38 2020
19%
Chattanooga Ricky Taylor 41 2011
19%
Georgia State R. J. Hunter 41 2013
19%
Villanova Scottie Reynolds 40 (x2) 2009/2007
19%
Stephen F. Austin Thomas Walkup 37 2016
19%
Xavier Trevon Bluiett 40 2017
19%
North Carolina Tyler Hansbrough 40 2011
19%
Mississippi State Tyson Carter 35 2017
19%
Hartford Aaron Cook 40 2006
13%
Michigan State Adreian Payne 41 2014
13%
Arizona State Alonzo Verge Jr. 43 2019
13%
Maine Andrew Fleming 38 2019
13%
Tulsa Bob Patterson 36 1955
13%
Valparaiso Brandon Wood 39 2009
13%
Southeastern Louisiana Cedric Jenkins 39 2015
13%
Campbell Chris Clemons 51 2017
13%
Bellarmine CJ Fleming 22 2021
13%
Wichita State Cleanthony Early 39 2013
13%
Michigan Daniel Horton 39 2006
13%
Jacksonville Darius Dawkins 41 2011
13%
Penn State D.J. Newbill 37 2015
13%
Bellarmine Dylan Penn 22 2020
13%
Texas A&M Elston Turner Jr. 40 2013
13%
Wofford Fletcher Magee 45 2018
13%
Maryland Greivis Vasquez 41 2010
13%
North Carolina Harrison Barnes 40 2006
13%
Ohio State Jared Sullinger 40 2010
13%
Colgate Jordan Burns 40 2019
13%
Eastern Illinois Kyle Hill 32 2001
13%
Georgetown Mac McClung 38 2018
13%
Kansas State Michael Beasley 44 2008
13%
Yale Miye Oni 35 2019
13%
Howard R.J. Cole 42 2017
13%
Rider Ryan Thompson 38 2010
13%
South Carolina Sindarius Thornwell 44 2017
13%
Oregon Tajuan Porter 38 2006
13%
Oakland Travis Bader 47 2013
13%
Valparaiso Alec Peters 39 2016
6%
Delaware State Amere May 48 2014
6%
UNLV Armen Gilliam 38 1987
6%
Loyola Marymount Bo Kimble 45 1990
6%
Alabama State Brandon Brooks 33 2009
6%
Harvard Bryce Aiken 44 2019
6%
Niagara Charron Fisher 45 2008
6%
Kansas Clyde Lovellette 44 1952
6%
Pepperdine Colbey Ross 43 2020
6%
Evansville Colt Ryan 43 2012
6%
Belmont Craig Bradshaw 42 2014
6%
Georgia Tech Dennis Scott 40 1990
6%
Manhattan Devon Austin 38 2007
6%
Evansville D.J. Balentine 43 2014
6%
Cleveland State D'Moi Hodge 46 2020
6%
Portland State Dominic Waters 41 2009
6%
Virginia Tech Dorenzo Hudson 41 2010
6%
Northern Kentucky Drew McDonald 37 2017
6%
Army Ella Ellis 37 2012
6%
Lipscomb Garrison Mathews 44 2019
6%
Syracuse Gerry McNamara 43 2004
6%
Charleston Grant Riller 43 2019
6%
Siena Jalen Pickett 46 2019
6%
Stony Brook Jameel Warney 43 2016
6%
Oklahoma State Jawun Evans 42 2016
6%
Utah State Jaycee Carroll 44 2007
6%
Texas State J.B. Conley 42 2010
6%
Duke Jeff Mullins 43 1964
6%
Northern Iowa Jeremy Morgan 38 2016
6%
Georgia J.J. Frazier 37 2015
6%
Lehigh Joe Knight 45 2005
6%
Northwestern John Shurna 37 2011
6%
Murray State Jonathan Stark 41 2017
6%
Nevada Jordan Caroline 45 2017
6%
Mississippi Valley State Jordan Evans 41 2018
6%
Saint Mary's Jordan Ford 42 2020
6%
Furman Jordan Lyons 54 2018
6%
Bethune-Cookman Jordan Potts 35 2005
6%
Gardner-Webb Jose Perez 35 2020
6%
Lafayette Justin Jaworski 37 2021
6%
Middle Tennessee Justin Washington 34 2010
6%
Hofstra Justin Wright-Foreman 48 2019
6%
Pennsylvania Keven McDonald 37 1978
6%
TCU Kevin Langford 36 2009
6%
Marist Khalid Hart 37 2015
6%
Western Illinois Kobe Webster 47 2020
6%
UC Riverside Kyle Austin 39 2010
6%
Alabama A&M Ladarius Tabb 33 2015
6%
Coppin State Lamar Morgan 35 2019
6%
Liberty Larry Blair 40 2007
6%
UT Martin Lester Hudson 42 2009
6%
Central Michigan Marcus Keene 50 2017
6%
Missouri State Marcus Marshall 38 2014
6%
Providence MarShon Brooks 52 2011
6%
Cornell Matt Morgan 41 2019
6%
Iowa State Melvin Ejim 48 2014
6%
Florida Michael Frazier 37 2014
6%
Air Force Michael Lyons 45 2013
6%
William & Mary Nathan Knight 39 2019
6%
Bellarmine Pedro Bradshaw 22 2020
6%
Davidson Peyton Aldridge 45 2018
6%
Alabama State Ralfeal Golden 33 2005
6%
UAB Robert Vaden 41 2008
6%
Stetson Rob Perry 34 2019
6%
NJIT San Antonio Brinson 37 2020
6%
Vanderbilt Shan Foster 42 2008
6%
Ball State Skip Mills 38 2006
6%
South Dakota Stanley Umude 41 2020
6%
Idaho State Tarik Cool 41 2019
6%
Western Kentucky Taveion Hollingsworth 43 2020
6%
Southeast Missouri State Tyler Stone 37 2014
6%
Northern Illinois Xavier Silas 40 2010
6%
Northwestern State Zeek Woodley 39 2015
6%
Chattanooga Z Mason 41 2013
6%
Denver Ade Murkey 42 2020
0%
San José State Adrian Oliver 42 2010
0%
East Carolina Akeem Richmond 37 (x2) 2014/2013
0%
Nebraska Aleks Marić 41 2007
0%
Bryant Alex Francis 43 2011
0%
Louisiana Tech Alex Hamilton 38 2016
0%
Liberty Alex McLean 40 2007
0%
Yale Alex Zampier 35 2009
0%
Florida State Al Thornton 45 2007
0%
Nicholls State Anatoly Bose 46 2010
0%
Minnesota Andre Hollins 41 2012
0%
Northern Colorado Andre Spight 41 2018
0%
Washington Andrew Andrews 47 2016
0%
UNC Asheville Andrew Rowsey 41 2014
0%
San Francisco Antonio Kellogg 37 2007
0%
Radford Artsiom Parakhouski 39 2009
0%
Hampton Ben Stanley 40 2019
0%
North Dakota State Ben Woodside 60 2008
0%
Canisius Billy Baron 40 2014
0%
Loyola-Chicago Blake Schlib 39 2005
0%
Eastern Illinois Bobby Catchings 32 2005
0%
Little Rock Brandon Freeman 38 2005
0%
Grambling Brion Rush 53 2006
0%
Portland Bryce Pressley 37 2016
0%
SIU Edwardsville Burak Eslik 40 2016
0%
Tulane Caleb Daniels 36 2019
0%
Dixie State Cameron Gooden 23 2020
0%
Albany Cameron Healy 41 2020
0%
Youngstown State Cameron Morse 44 (x2) 2017/2016
0%
Southern Illinois Carlton Fay 38 2010
0%
Boise State Chandler Hutchison 44 2018
0%
St. Francis (NY) Chauncey Hawkins 38 2020
0%
Fordham Chris Gaston 35 2011/2012
0%
Bucknell Chris Hass 40 2016
0%
Stanford Chris Hernandez 37 2005
0%
UMass-Lowell Christian Lutete 51 2019
0%
Buffalo C. J. Massinburg 43 2018
0%
North Carolina Central C.J. Wilkerson 41 2011
0%
Sam Houston State Corey Allmond 37 2009
0%
UC Davis Corey Hawkins 40 2013
0%
Fairfield Curtis Cobb III 47 2017
0%
Wagner Curtis Cobb III 40 2019
0%
Southeast Missouri State Dainmon Gonner 37 2005
0%
Brown Damon Huffman 39 2008
0%
Kansas City Dane Brumagin 40 2007
0%
Richmond Darien Brothers 39 2013
0%
Saint Francis (PA) Darshan Luckey 39 2005
0%
DePaul Dave Corzine 46 1978
0%
Chicago State David Holston 43 2006
0%
Delaware Davon Usher 42 2014
0%
Florida Atlantic DeAndre Rice 39 2007
0%
South Carolina Upstate Deion Holmes 39 2018
0%
Samford Demetrius Denzel-Dyson 40 2016
0%
Eastern Illinois Demetrius McReynolds 32 2017
0%
Kansas State Denis Clemente 44 2009
0%
Ball State Dennis Trammell 38 2005
0%
James Madison Denzel Bowles 40 2011
0%
Incarnate Word Denzel Livingston 37 2015
0%
McNeese State Diego Kapelan 39 2011
0%
UIC Dikembe Dixson 40 2016
0%
Ohio D.J. Cooper 43 2010
0%
Indiana Don Schlundt 41 1953
0%
Morehead State Drew Kelly 40 2013
0%
San Diego Duda Sandaze 38 2016
0%
Milwaukee Ed McCants 38 2005
0%
Maryland-Eastern Shore Ed Tyson 37 2007
0%
Georgia Southern Elton Nesbitt 43 2005
0%
South Carolina State Eric Eaves 35 2016
0%
UT Arlington Erick Neal 38 2018
0%
Wyoming Fennis Dembo 41 1987
0%
UNLV Freddie Banks 38 1987
0%
UC San Diego Gabe Hadley 29 2021
0%
Long Beach State Gabe Levin 45 2018
0%
Towson Gary Neal 41 2006
0%
North Dakota Geno Crandall 41 2017
0%
Michigan Glen Rice 39 1988
0%
Yale Greg Mangano 35 2012
0%
Temple Hal Lear 48 1956
0%
Abilene Christian Harrison Hawkins 33 2015
0%
Bradley Hersey Hawkins 44 1988
0%
Utah Valley Holton Hunsaker 37 2012
0%
Dixie State Hunter Schofield 23 (x2) 2021
0%
Houston Baptist Ian Dubose 44 2020
0%
Merrimack Idris Joyner 28 2020
0%
UNLV Ike Nwamu 38 2016
0%
Saint Joseph's Jack Egan 42 1961
0%
Elon Jack Isenbarger 34 2012
0%
Miami Jack McClinton 38 2008
0%
Louisiana JaKeenan Gant 45 2019
0%
North Alabama Jamari Blackmon 27 2020
0%
Pittsburgh Jamel Artis 43 2017
0%
Mercer James Florence 40 2009
0%
Western Carolina James Sinclair 40 2015
0%
New Orleans Jamie McNeilly 40 2007
0%
Santa Clara Jared Brownridge 44 2015
0%
Oregon State Jared Cunningham 37 2011
0%
Cal State Bakersfield Jarkel Joiner 34 2019
0%
Clemson Jaron Blossomgame 33 2016
0%
George Mason Javon Greene 39 2020
0%
Wyoming Jay Straight 41 2005
0%
Seton Hall Jeremy Hazell 41 2009
0%
Hampton Jermaine Morrow 40 2019
0%
Weber State Jerrick Harding 46 2018
0%
Arizona Jerryd Bayless 39 2008
0%
Lafayette Jim Mower 37 2011
0%
Akron Jimond Ivey 48 2018
0%
Texas A&M-Corpus Christi Joe Kilgore 36 2018
0%
Syracuse John Gillon 43 2017
0%
Boston University John Holland 43 2010
0%
Seattle Johnny O'Brien 42 1953
0%
Marshall Jon Elmore 44 2019
0%
Fordham Jon Severe 35 2014
0%
Presbyterian Jordan Downing 37 2013
0%
Northeastern Jordan Roland 42 2019
0%
UNC Wilmington Jordan Talley 37 2018
0%
Eastern Illinois Josh Gomes 32 2005
0%
Portland Josh McSwiggan 37 2018
0%
Prairie View A&M Jourdan DeMuynck 37 2013
0%
Abilene Christian Julian Edmondson 33 2014
0%
Wake Forest Justin Gray 38 2006
0%
New Mexico State Justin Hawkins 37 2008
0%
Tulsa Justin Hurtt 36 2010
0%
VCU Justin Tillman 37 2018
0%
Drake Kale Abrahamson 41 2015
0%
Cal State Northridge Kenny Daniels 39 2009
0%
Northwestern Kevin Coble 37 2008
0%
Holy Cross Kevin Hamilton 38 2005
0%
Tennessee Tech Kevin Murphy 50 2012
0%
Fresno State Kevin Olekaibe 43 2012
0%
Saint Peter's Keydren Clark 43 2004
0%
Seton Hall Khadeen Carrington 41 2017
0%
Central Connecticut State Kyle Vinales 42 2013
0%
Gonzaga Kyle Wiltjer 45 2015
0%
Cal State Northridge Lamine Diane 39 2019
0%
Charlotte Leemire Goldwire 39 2008
0%
Citadel Lew Stallworth 37 2019
0%
Sacramento State Loren Leath 41 2009
0%
Cal Poly Lorenzo Keeler 38 2010
0%
UC Irvine Luke Nelson 36 2016
0%
UMass Luwane Pipkins 44 2018
0%
Holy Cross Malachi Alexander 38 2016
0%
St. Bonaventure Marcus Posley 47 2016
0%
Indiana State Marico Stinson 37 2006
0%
Wright State Mark Alstork 39 2016
0%
UT Arlington MarQuez Haynes 38 2010
0%
Arkansas-Pine Bluff Martaveous McKnight 41 2018
0%
Bowling Green Martin Samarco 43 2007
0%
Eastern Washington Mason Peatling 54 2019
0%
Purdue-Fort Wayne Max Landis 44 2016
0%
Cal State Northridge Mike Efevberha 39 2006
0%
Texas Tech Mike Singletary 43 2009
0%
California Baptist Milan Acquaah 37 2019
0%
Tarleton State Montre' Gipson 30 2021
0%
Rice Morris Almond 44 2007
0%
Oral Roberts Moses Ehambe 40 2018
0%
High Point Nick Barbour 44 2012
0%
Texas-Rio Grande Valley Nick Dixon 41 2017
0%
USC O.J. Mayo 37 2008
0%
Coastal Carolina Pele Paelay 35 2005
0%
Citadel Preston Parks 37 2017
0%
VMI QJ Peterson 46 2016
0%
Rutgers Quincy Douby 41 2006
0%
Sacred Heart Quincy McKnight 44 2017
0%
UTEP Randy Culpepper 45 2010
0%
Southern Utah Randy Onwuasor 43 2017
0%
Presbyterian Reggie Dillard 37 2018
0%
Middle Tennessee Reggie Upshaw 34 2017
0%
Miami Robert Hite 38 2004
0%
Pacific Roberto Gallinat 41 2018
0%
Houston Rob McKiver 52 2008
0%
Hawaii Roderick Flemings 39 2010
0%
Appalachian State Ronshad Shabazz 47 2019
0%
Dayton Roosevelt Chapman 41 1984
0%
North Texas Roosevelt Smart 42 2018
0%
Arkansas Rotnei Clarke 51 2009
0%
American Sa'eed Nelson 41 2018
0%
Mount St. Mary's Sam Prescott 44 2013
0%
Binghamton Sam Sessoms 40 2019
0%
Brown Sean McGonagill 39 2011
0%
Virginia Sean Singletary 41 2008
0%
SMU Semi Ojeleye 36 2017
0%
Southern Shawn Prudhomme 37 2016
0%
Eastern Illinois Sherman Blanford 32 2014
0%
Mississippi Stefan Moody 43 2016
0%
Idaho Stephen Madison 42 2014
0%
North Carolina A&T Steven Rush 40 2007
0%
Elon Steve Santa Ana 34 2019
0%
New Hampshire Tanner Leissner 36 2017
0%
Rider Teddy Okereafor 38 2016
0%
Western Michigan Thomas Wilder 40 2018
0%
Morgan State Tiwian Kendley 41 2018
0%
East Tennessee State T.J. Cromer 41 2017
0%
Florida A&M Tony Tate 34 2005
0%
Drexel Tramaine Isabell 40 2018
0%
Saint Louis Tramaine Isabell 39 2019
0%
Alabama A&M Trant Simpson 33 2008
0%
Texas Travis Mays 44 1990
0%
Florida International Trejon Jacob 38 2017
0%
UNC Greensboro Trevis Simpson 41 2013
0%
Old Dominion Trey Freeman 42 2016
0%
Western Carolina Trey Sumler 40 2013
0%
Longwood T.T. Carey 40 2013
0%
Arkansas State Ty Cockfield 39 2019
0%
South Carolina Upstate Ty Greene 39 2015
0%
Montana State Tyler Hall 42 2016
0%
Kennesaw State Tyler Hooker 36 2019
0%
Boston College Tyrese Rice 46 2008
0%
Toledo Tyrone Kent 37 2008
0%
Miami (OH) Wally Szczerbiak 43 1999
0%
UMBC Will Darley 38 2017
0%
Citadel Zane Najdawi 37 2018
0%
No matching quizzes found
Score Distribution
Percent of People with Each Score
Percentile by Number Answered
Your Score History
You have not taken this quiz